| 000 | 00619nam a22002051 4500 | ||
|---|---|---|---|
| 001 | af 48004552 | ||
| 003 | DLC | ||
| 005 | 20260227110908.0 | ||
| 008 | 810928s1945 fr a 00000 fre | ||
| 010 | _aaf 48004552 //r81 | ||
| 043 | _ae-fr--- | ||
| 050 | 0 |
_aDC149 _b.G3 |
|
| 082 | 0 |
_a944.04 _219 |
|
| 100 | 1 | 0 |
_aGaillard, Jean, _d1879- |
| 245 | 1 | 0 |
_aA la découverte de la Révolution française. _cIllus. de Jacqueline Gaillard. |
| 260 | 0 |
_aParis, _bÉditions ouvrières _c[1945] |
|
| 300 |
_a2 v. _billus. _c18 cm. |
||
| 440 | 0 | _aCollection A la découverte de ... | |
| 651 | 0 |
_aFrance _xHistory _yRevolution, 1789-1799. |
|
| 999 |
_c6108 _d6108 |
||